The architecture of light : (Record no. 10545)

000 -LEADER
fixed length control field 00914cam a2200265 a 4500
003 - CONTROL NUMBER IDENTIFIER
control field OSt
005 - DATE AND TIME OF LATEST TRANSACTION
control field 20220404163049.0
008 - FIXED-LENGTH DATA ELEMENTS--GENERAL INFORMATION
fixed length control field 100929s2011 enkab b 001 0 eng
010 ## - LIBRARY OF CONGRESS CONTROL NUMBER
LC control number 2010041747
020 ## - INTERNATIONAL STANDARD BOOK NUMBER
International Standard Book Number 9780415394796 (pbk : alk. paper)
035 ## - SYSTEM CONTROL NUMBER
System control number (OCoLC)ocn667874357
042 ## - AUTHENTICATION CODE
Authentication code pcc
050 00 - LIBRARY OF CONGRESS CALL NUMBER
Classification number NA2794
Item number .S74 2011
082 00 - DEWEY DECIMAL CLASSIFICATION NUMBER
Classification number 729/.28
Edition number 22
100 1# - MAIN ENTRY--PERSONAL NAME
Personal name Steane, Mary Ann.
245 14 - TITLE STATEMENT
Title The architecture of light :
Remainder of title recent approaches to designing with natural light /
Statement of responsibility, etc Mary Ann Steane.
246 30 - VARYING FORM OF TITLE
Title proper/short title Recent approaches to designing with natural light
260 ## - PUBLICATION, DISTRIBUTION, ETC. (IMPRINT)
Place of publication, distribution, etc Abingdon, Oxon ;
-- New York :
Name of publisher, distributor, etc Routledge,
Date of publication, distribution, etc 2011.
300 ## - PHYSICAL DESCRIPTION
Extent ix, 246 p. :
Other physical details ill., maps ;
Dimensions 25 cm.
504 ## - BIBLIOGRAPHY, ETC. NOTE
Bibliography, etc Includes bibliographical references and index.
650 #0 - SUBJECT ADDED ENTRY--TOPICAL TERM
Topical term or geographic name as entry element Light in architecture.
650 #0 - SUBJECT ADDED ENTRY--TOPICAL TERM
Topical term or geographic name as entry element Lighting, Architectural and decorative.
906 ## - LOCAL DATA ELEMENT F, LDF (RLIN)
a 7
b cbc
c orignew
d 1
e ecip
f 20
g y-gencatlg
942 ## - ADDED ENTRY ELEMENTS (KOHA)
Source of classification or shelving scheme
Holdings
Withdrawn status Lost status Source of classification or shelving scheme Damaged status Koha normalized classification for sorting Not for loan Permanent location Current location Date acquired Source of acquisition Cost, normal purchase price Full call number Barcode Date last seen Cost, replacement price Price effective from Koha item type
        729_000000000000000__28   BMS College of Architecture, Design and Planning BMS College of Architecture, Design and Planning 2022-03-28 6 3372.90 729/.28 AR-UG2645 2022-04-04 4818.43 2022-04-04 UG Books
Copyright © 2025, The Librarian, Library and Information Centre, BMSCA D&P, Bengaluru. All Rights Reserved
web counter

Powered by Koha